| 000 | 00451nam a2200181Ia 4500 | ||
|---|---|---|---|
| 001 | 11382 | ||
| 005 | 20260306162824.0 | ||
| 008 | 260306t1971||||xx |||||||||||||| ||spa|| | ||
| 041 | _aESP | ||
| 082 |
_a985.04 _bG17A |
||
| 100 |
_aGamio Palacio, Fernando _eAUT |
||
| 245 | 0 | _aLa municipalidad de Lima y la emancipación 1821 | |
| 260 | _c1971 | ||
| 300 |
_a298 pƔginas : _c24 cm. |
||
| 650 | _aGEN | ||
| 654 | _aCHU | ||
| 942 |
_cLIB _dJUS _fJUS _2ddc _n |
||
| 999 |
_c11382 _d11382 |
||